000 01035nam a2200217Ia 4500
999 _c30198
_d30198
003 OSt
005 20210508191820.0
008 160316s2011 xxu||||| |||| 00| 0 eng d
020 _a9780415859639
040 _cNLS
082 _a340.59 SHA
100 _aShah Niaz A
245 _aIslamic law and the law of armed conflict : The armed conflict in Pakistan
260 _aLondon
_bRoutledge
_c2011
300 _a165p
_cviii
365 _b Rs. 6,900
505 _aTable of Contents: 1. Introduction. Part 1: The Islamic Law of Qital and the Law of Armed Conflict. 2. The Islamic Law of Qital. 3. The Islamic Law of Qital among Muslims. 4. The Islamic Law of Qital and the Law of Armed Conflict. Part 2: The Armed Conflict in Pakistan. 5. Fighting the Taliban: A Legal Perspective. 6. War Crimes in the Armed Conflict in Pakistan. Part 3: Concluding Remarks. 7. Concluding Remarks.
650 _a1. Islamic Law - War2. International Law _ War3. War - Religious Aspects - Islam
700 _a
_a
942 _2ddc
_cBK